00373nam a2200109Ia 4500008004100000020001800041100002100059245008700080260002700167650002000194856004900214171212s9999 xx 000 0 und d a9780833094537 aRies, Charles P. cRies, Charles P.aImproving Decisionmaking in a Turbulent WorldbStrategic Rethink bRAND Corporationc2016 aGeneral Science uhttp://jstor.org/stable/10.7249/j.ctt1bqzm9n